| 000 | 00551nam a2200133Ia 4500 | ||
|---|---|---|---|
| 008 | 160809s9999 xx 000 0 und d | ||
| 100 | _aCihak, David F. | ||
| 245 | _aIMPROVING EXPOSITORY WRITING SKILLS WITH EXPLICIT AND STRATEGY INSTRUCTIONAL METHODS IN INCLUSIVE MIDDLE SCHOOL CLASSROOMS | ||
| 245 | _cDavid F. Cihak Kristin Castle University of Tennessee, Knoxville. | ||
| 260 | _bInternational Journal of Special Education | ||
| 260 | _c2011 | ||
| 650 | _xSPECIAL EDUCATION | ||
| 856 | _uhttp://www.internationaljournalofspecialed.com/issues.php | ||
| 999 |
_c300429 _d300429 |
||